000 01716nam a2200205Ia 4500
001 b7170-53273
003 IT-MiCISF
008 161014s9999||||xx |||||||||||||| ||und||
040 _aIT-MiCISF
_cIT-MiCISF
041 _ait
100 _aPerez-Soba Juan José (a cura di)
245 0 _aMisericordia, verità pastorale
250 _a1a ed.
260 _a Siena; Pontificio Istituto Giovanni Paolo II per Studi su Matrimonio e Famiglia
_bCantagalli
_c2014
300 _app. 289
500 _aMelina L., Harper McCarthy M., Musoni A., Stagliano A., Bordeyne P., Noriega J., Heller K., Schockenhoff E., Gambino G., Majorano S, Granados J., Chirila J. / pastorale, sinodo, morale, matrimonio-sacramento / La verità dell'amore del Padre, manifestato nel mondo dal Figlio, è il principio di tutta la pastorale della Chiesa. E' una missione che nasce dal cuore misericordioso di Cristo e solo così può essere credibile ed efficace tra gli uomini. La misericordia è dunque amore vero che genera la grazie e mira a convertire i peccatori. E' fonte di giustizia, che apre itinerari di crescita per le persone. Questo volume intende proporsi come un luogo di dialogo sulle grandi questioni teologiche che l'assunzione del principio della misericordia pone nell'azione pastorale della Chiesa, all'interno della prospettiva del Sinodo sulla Famiglia convocato da Papa Francesco nel biennio 2014-2015; senza entrare nella polemica di come la chiesa debba esercitare la Sua misericordia sulle questioni legate al matrimonio e alla famiglia, approfondisce la tematica di come poter favorire un nuovo incontro delle famiglie in difficoltà con Cristo.
650 _apastorale
942 _cBK
957 _71
999 _a53273
_bsi
_g1
_c209800
_d209800